The Interpersonal Underworld /
Publicado originalmente con el título FIRO: A Three Dimensional Theory of Interpersonal Behavior, donde FIRO significa “orientación fundamental de relaciones interpersonales”, este libro hace un acercamiento teórico, empírico y metodológico al comportamiento interpersonal. La presente edición aborda...
Zapisane w:
| 1. autor: | |
|---|---|
| Format: | Książka |
| Język: | angielski |
| Wydane: |
Palo Alto, EUA :
Science and Behavior Books,
1966, c1966
|
| Hasła przedmiotowe: | |
| Etykiety: |
Nie ma etykietki, Dołącz pierwszą etykiete!
|
MARC
| LEADER | 00000nam^a2200000^a^4500 | ||
|---|---|---|---|
| 001 | 000182841 | ||
| 005 | 20250521000000.0 | ||
| 009 | 20260310102020.852 | ||
| 020 | |a 0-8314-0011-0 | ||
| 037 | |a Acervo ITESO - Biblioteca | ||
| 041 | |a ING | ||
| 082 | |a 302. 2214 |b SCH | ||
| 100 | |a Schutz, William C. |e (autor) | ||
| 240 | 1 | 1 | |a [FIRO: A Three Dimensional Theory of Interpersonal Behavior] |
| 245 | 1 | 4 | |a The Interpersonal Underworld / |c W.C. Schutz. |
| 264 | 4 | |a Palo Alto, EUA : |b Science and Behavior Books, |c 1966, c1966 | |
| 300 | |a XI, 242 p. | ||
| 336 | |a texto |b txt |2 rdacontenido | ||
| 337 | |a sin mediación |b n |2 rdamedio | ||
| 338 | |a volumen |b nc |2 rdasoporte | ||
| 520 | |a Publicado originalmente con el título FIRO: A Three Dimensional Theory of Interpersonal Behavior, donde FIRO significa “orientación fundamental de relaciones interpersonales”, este libro hace un acercamiento teórico, empírico y metodológico al comportamiento interpersonal. La presente edición aborda las diversas aplicaciones que tiene esta teoría, entre otras en la consejería matrimonial; las relaciones maestro-alumno, médico-paciente, etc.; las relaciones de trabajo. Explica también las clasificaciones clínicas que se han hecho y las técnicas derivadas de la teoría para usarlas en grupos de estudio, de trabajo o de terapia. Asimismo, se revisan los test aplicables a esta teoría. | ||
| 649 | |a XX | ||
| 650 | |a Relación Médico-Paciente | ||
| 650 | |a Relaciones Maestro-Alumno | ||
| 650 | |a Relaciones Laborales | ||
| 650 | |a Relaciones de Pareja | ||
| 650 | |a Pruebas Psicológicas | ||
| 650 | |a Comunicación Personal - |x Tema Principal | ||
| 650 | |a Interacción Comunicativa | ||
| 650 | |a Interacción Social | ||
| 650 | |a Comunicación | ||
| 650 | |a Psicología Social | ||
| 910 | |a Fondo General | ||
| 920 | |a Impresos - Libros | ||
| 930 | |a Colección General | ||
| 905 | |a 101 | ||
| 901 | |a 0500122681 |b IT1 |c ACC |u 20250521 | ||
| 902 | |a https://opac.biblio.iteso.mx/vufind/Record/000182841 | ||